<?xml version="1.0" encoding="UTF-8"?>
<record
    xmlns:xsi="http://www.w3.org/2001/XMLSchema-instance"
    xsi:schemaLocation="http://www.loc.gov/MARC21/slim http://www.loc.gov/standards/marcxml/schema/MARC21slim.xsd"
    xmlns="http://www.loc.gov/MARC21/slim">

  <leader>01592    a2200301   4500</leader>
  <controlfield tag="001">TB12853</controlfield>
  <controlfield tag="003">IN-BhIIT</controlfield>
  <controlfield tag="005">20260617174517.0</controlfield>
  <controlfield tag="008">260617b        |||||||| |||| 00| 0 eng d</controlfield>
  <datafield tag="020" ind1=" " ind2=" ">
    <subfield code="a">9781119428343 (hbk.)</subfield>
  </datafield>
  <datafield tag="040" ind1=" " ind2=" ">
    <subfield code="a">IN-BhIIT</subfield>
  </datafield>
  <datafield tag="041" ind1=" " ind2=" ">
    <subfield code="a">eng</subfield>
  </datafield>
  <datafield tag="082" ind1=" " ind2=" ">
    <subfield code="a">551.462</subfield>
    <subfield code="b">NAG/K</subfield>
  </datafield>
  <datafield tag="100" ind1=" " ind2=" ">
    <subfield code="a">Nagai, Takeyoshi </subfield>
    <subfield code="e">Author</subfield>
    <subfield code="9">28015</subfield>
  </datafield>
  <datafield tag="245" ind1=" " ind2=" ">
    <subfield code="a">Kuroshio current : </subfield>
    <subfield code="b">physical, biogeochemical, and ecosystem dynamics /</subfield>
    <subfield code="c">Takeyoshi Nagai, Hiroaki Saito, Koji Suzuki, Motomitsu Takahashi</subfield>
  </datafield>
  <datafield tag="260" ind1=" " ind2=" ">
    <subfield code="a">Washington D.C :</subfield>
    <subfield code="b">AGU Publication, </subfield>
    <subfield code="c">2019.</subfield>
  </datafield>
  <datafield tag="300" ind1=" " ind2=" ">
    <subfield code="a">x, 312 p. :</subfield>
    <subfield code="b">ill. ;</subfield>
    <subfield code="c">32 cm. </subfield>
  </datafield>
  <datafield tag="504" ind1=" " ind2=" ">
    <subfield code="a">Includes bibliographical references and index.</subfield>
  </datafield>
  <datafield tag="520" ind1=" " ind2=" ">
    <subfield code="a">The surface water of the Kuroshio, a western boundary current in the North Pacific Ocean, is nutrient-depleted and has relatively low primary productivity, yet abundant fish populations are supported in the region. This is called the &#x201C;Kuroshio Paradox&#x201D;.  Kuroshio Current: Physical, Biogeochemical and Ecosystem Dynamics presents research from a multidisciplinary team that conducted observational and modeling studies to investigate this contradiction. This timely and important contribution to the ocean sciences literature provides a comprehensive analysis of the Kuroshio. </subfield>
  </datafield>
  <datafield tag="650" ind1=" " ind2=" ">
    <subfield code="a">Ocean currents</subfield>
    <subfield code="9">2152</subfield>
  </datafield>
  <datafield tag="650" ind1=" " ind2=" ">
    <subfield code="a">Ocean circulation</subfield>
    <subfield code="9">6604</subfield>
  </datafield>
  <datafield tag="650" ind1=" " ind2=" ">
    <subfield code="a">Kuroshio</subfield>
    <subfield code="9">28025</subfield>
  </datafield>
  <datafield tag="650" ind1=" " ind2=" ">
    <subfield code="a">Ocean engineering</subfield>
    <subfield code="9">28026</subfield>
  </datafield>
  <datafield tag="700" ind1=" " ind2=" ">
    <subfield code="a">Saito, Hiroaki </subfield>
    <subfield code="e">Joint author</subfield>
    <subfield code="9">28016</subfield>
  </datafield>
  <datafield tag="700" ind1=" " ind2=" ">
    <subfield code="a">Suzuki,  Koji </subfield>
    <subfield code="e">Joint author</subfield>
    <subfield code="9">28017</subfield>
  </datafield>
  <datafield tag="700" ind1=" " ind2=" ">
    <subfield code="a">Takahashi, Motomitsu </subfield>
    <subfield code="e">Joint author</subfield>
    <subfield code="9">28018</subfield>
  </datafield>
  <datafield tag="942" ind1=" " ind2=" ">
    <subfield code="c">TB</subfield>
  </datafield>
  <datafield tag="999" ind1=" " ind2=" ">
    <subfield code="c">15555</subfield>
    <subfield code="d">15555</subfield>
  </datafield>
  <datafield tag="952" ind1=" " ind2=" ">
    <subfield code="0">0</subfield>
    <subfield code="1">0</subfield>
    <subfield code="2">ddc</subfield>
    <subfield code="4">0</subfield>
    <subfield code="7">0</subfield>
    <subfield code="8">SEOCS</subfield>
    <subfield code="a">CLIITBBS</subfield>
    <subfield code="b">CLIITBBS</subfield>
    <subfield code="c">TB</subfield>
    <subfield code="d">2026-06-16</subfield>
    <subfield code="e">26</subfield>
    <subfield code="g">14701.03</subfield>
    <subfield code="l">0</subfield>
    <subfield code="o">551.462 NAG/K</subfield>
    <subfield code="p">TB12853</subfield>
    <subfield code="r">2026-06-16 00:00:00</subfield>
    <subfield code="v">20138.40</subfield>
    <subfield code="w">2026-06-16</subfield>
    <subfield code="y">TB</subfield>
  </datafield>
</record>
